000 00725nam a2200277Ia 4500
003 OSt
005 20220918164025.0
006 a|||||r|||| 00| 0
007 ta
008 220917b |||||||| |||| 00| 0 eng d
020 _a0415018692 (hbk)
024 _a10,479
037 _cTextual
040 _aARTS
_cARTS
_beng
041 _2eng
_aeng
082 _aR3xM06, M9
100 _aSkorupski John
_916709
245 0 _aJohn Stuart Mill
260 _aLondon
_bRoutledge
_c1989
300 _axv+431p
_ccm.
490 _aThe arguments of the Philosophers
500 _aBibliography 418-425p
650 _aPHILOSOPHY
942 _hR3xM06, M9
_cTEXL
_2CC
999 _c122718
_d122718